Achieving a sustainable agricultural system in Sub-Saharan Africa /

Saved in:
Bibliographic Details
Main Author: Crosson, Pierre R.
Other Authors: Anderson, Jock R., 1941-
Format: Book
Language:English
Published: [Washington, D.C.] : Environmentally Sustainable Development Division, Technical Dept., African Region, World Bank, 1995.
Series:Post-UNCED series.
Building blocks for Africa 2025 ; paper no.2
Subjects:
Tags: Add Tag
No Tags, Be the first to tag this record!
LEADER 01081nam a2200265Ka 4500
001 007775059-4
005 20020606104010.5
008 960130s1995 dcu b 000 0 eng d
035 0 |a ocm34104989 
040 |a INU  |c INU  |d HLS 
043 |a fb----- 
100 1 |a Crosson, Pierre R. 
245 1 0 |a Achieving a sustainable agricultural system in Sub-Saharan Africa /  |c by Pierre Crosson and Jock R. Anderson. 
260 |a [Washington, D.C.] :  |b Environmentally Sustainable Development Division, Technical Dept., African Region, World Bank,  |c 1995. 
300 |a xiii, 46 p. ;  |c 28 cm. 
490 1 |a Building blocks ;  |v paper no. 2 
490 1 |a Post-UNCED series 
500 |a At head of title: Building blocks, towards environmentally sustainable development in Sub-Saharan Africa, a World Bank perspective. 
504 |a Includes bibliographical references. 
650 0 |a Sustainable agriculture  |z Africa, Sub-Saharan. 
700 1 |a Anderson, Jock R.,  |d 1941- 
830 0 |a Post-UNCED series. 
830 0 |a Building blocks for Africa 2025 ;  |v paper no.2 
988 |a 20020608 
906 |0 OCLC